Trading virginity of international criminal justice / (Record no. 7152)
[ view plain ]
| 000 -LEADER | |
|---|---|
| fixed length control field | 04017cam a2200517 i 4500 |
| 001 - CONTROL NUMBER | |
| control field | on1178638186 |
| 003 - CONTROL NUMBER IDENTIFIER | |
| control field | OCoLC |
| 005 - DATE AND TIME OF LATEST TRANSACTION | |
| control field | 20230914093645.0 |
| 008 - FIXED-LENGTH DATA ELEMENTS--GENERAL INFORMATION | |
| fixed length control field | 200916s2020 nyu b 001 0 eng |
| 010 ## - LIBRARY OF CONGRESS CONTROL NUMBER | |
| LC control number | 2020030202 |
| 040 ## - CATALOGING SOURCE | |
| Original cataloging agency | DLC |
| Language of cataloging | eng |
| Description conventions | rda |
| Transcribing agency | DLC |
| Modifying agency | UKMGB |
| -- | OCLCF |
| -- | DLC |
| -- | OCLCO |
| -- | COO |
| -- | OCLCO |
| 015 ## - NATIONAL BIBLIOGRAPHY NUMBER | |
| National bibliography number | GBC0D5252 |
| Source | bnb |
| 016 7# - NATIONAL BIBLIOGRAPHIC AGENCY CONTROL NUMBER | |
| Record control number | 019929510 |
| Source | Uk |
| 020 ## - INTERNATIONAL STANDARD BOOK NUMBER | |
| International Standard Book Number | 9781536182606 |
| Qualifying information | (hardcover) |
| 020 ## - INTERNATIONAL STANDARD BOOK NUMBER | |
| International Standard Book Number | 1536182605 |
| 020 ## - INTERNATIONAL STANDARD BOOK NUMBER | |
| Cancelled/invalid ISBN | 9781536183641 |
| Qualifying information | (adobe pdf) |
| 029 1# - (OCLC) | |
| OCLC library identifier | UKMGB |
| System control number | 019929510 |
| 035 ## - SYSTEM CONTROL NUMBER | |
| System control number | (OCoLC)1178638186 |
| 042 ## - AUTHENTICATION CODE | |
| Authentication code | pcc |
| 050 10 - LIBRARY OF CONGRESS CALL NUMBER | |
| Classification number | K5001 |
| Item number | .M35 2020 |
| 082 00 - DEWEY DECIMAL CLASSIFICATION NUMBER | |
| Classification number | 345 |
| Edition number | 23 |
| 049 ## - LOCAL HOLDINGS (OCLC) | |
| Holding library | TZAA |
| 100 1# - MAIN ENTRY--PERSONAL NAME | |
| Personal name | Malekian, Farhad, |
| Relator term | author. |
| 245 10 - TITLE STATEMENT | |
| Title | Trading virginity of international criminal justice / |
| Statement of responsibility, etc | Farhad Malekian, Uppsala, Sweden. |
| 264 #1 - | |
| -- | New York : |
| -- | Nova SciencePublishers, Inc., |
| -- | [2020] |
| 300 ## - PHYSICAL DESCRIPTION | |
| Extent | xx, 327 pages ; |
| Dimensions | 26 cm. |
| 336 ## - | |
| -- | text |
| -- | txt |
| -- | rdacontent |
| 337 ## - | |
| -- | unmediated |
| -- | n |
| -- | rdamedia |
| 338 ## - | |
| -- | volume |
| -- | nc |
| -- | rdacarrier |
| 490 1# - SERIES STATEMENT | |
| Series statement | Criminal justice, law enforcement and corrections |
| 504 ## - BIBLIOGRAPHY, ETC. NOTE | |
| Bibliography, etc | Includes bibliographical references (pages 281-297) and index. |
| 505 0# - FORMATTED CONTENTS NOTE | |
| Formatted contents note | Faculty of the mill of criminal justice -- Trading the gates of criminal justice -- Commodity of the capstones of criminal justice -- Merchants of substantive criminal justice -- The impurity of criminal justice -- The criminality of economic sanctions -- The auction-market of criminal justice -- Criminal policy against the chambers of international criminal courts -- The cargo of international criminal jurisprudence -- The panel of the cinema of criminal justice -- Trading religion in criminal justice -- Criminal wisdom of animals human beyond human beings -- Conclusion: the missing ingredient of love in criminal justice. |
| 520 ## - SUMMARY, ETC. | |
| Summary, etc | "This volume is a groundbreaking criticism of our criminal systems and of international criminal justice. One way of ensuring compliance with international criminal justice is to seek justice through pursuing the naked truth. Is it feasible to change this legal discipline? Is it possible for a society of human beings to function without any criminal legislation? We could also pose other crucial questions which concern our courts, legislative powers, and various governmental sanctions.What can we say about the world of animals? Do they also have legislative authorities who draft their international criminal law? What about enforcement measures, courts, judges, prosecutors, lawyers, and prisoners? Do they also kill millions of human beings through their political sanctions? Why do animals human not have any law, although human beings have produced vast amounts of case law? Are we more abhorrent than animals human? Are animals better educated and more morally competent than human beings? Given the answer to these questions, we use the term 'human beings' in juxtaposition to the term 'animals human' throughout this work. The volume puts forward its philosophy concerning the different attitudes of criminal theory and the doctrines which have strengthened the criminal discipline to favour the gross offenders known as the 'authorities'" -- Publisher's website. |
| 650 #0 - SUBJECT ADDED ENTRY--TOPICAL TERM | |
| Topical term or geographic name as entry element | Criminal justice, Administration of. |
| 650 #0 - SUBJECT ADDED ENTRY--TOPICAL TERM | |
| Topical term or geographic name as entry element | International criminal law. |
| 650 #0 - SUBJECT ADDED ENTRY--TOPICAL TERM | |
| Topical term or geographic name as entry element | International criminal courts. |
| 650 #6 - SUBJECT ADDED ENTRY--TOPICAL TERM | |
| Topical term or geographic name as entry element | Droit international p�enal. |
| -- | (CaQQLa)201-0030136 |
| 650 #6 - SUBJECT ADDED ENTRY--TOPICAL TERM | |
| Topical term or geographic name as entry element | Tribunaux p�enaux internationaux. |
| -- | (CaQQLa)201-0271041 |
| 650 #7 - SUBJECT ADDED ENTRY--TOPICAL TERM | |
| Topical term or geographic name as entry element | Criminal justice, Administration of |
| Source of heading or term | fast |
| -- | (OCoLC)fst00883246 |
| 650 #7 - SUBJECT ADDED ENTRY--TOPICAL TERM | |
| Topical term or geographic name as entry element | International criminal courts |
| Source of heading or term | fast |
| -- | (OCoLC)fst00976876 |
| 650 #7 - SUBJECT ADDED ENTRY--TOPICAL TERM | |
| Topical term or geographic name as entry element | International criminal law |
| Source of heading or term | fast |
| -- | (OCoLC)fst01784719 |
| 776 08 - ADDITIONAL PHYSICAL FORM ENTRY | |
| Display text | Online version: |
| Main entry heading | Malekian, Farhad. |
| Title | Trading virginity of international criminal justice |
| Place, publisher, and date of publication | New York : Nova SciencePublishers, Inc., [2020] |
| International Standard Book Number | 9781536183641 |
| Record control number | (DLC) 2020030203 |
| 830 #0 - SERIES ADDED ENTRY--UNIFORM TITLE | |
| Uniform title | Criminal justice, law enforcement and corrections. |
| 9 (RLIN) | 13906 |
| 938 ## - | |
| -- | YBP Library Services |
| -- | YANK |
| -- | 16852682 |
| 994 ## - | |
| -- | C0 |
| -- | TZACH |
No items available.
